[Event "Cracovia 2010"]
[Site "Krakow"]
[Date "2010.12.28"]
[Round "2.43"]
[White "Karagiannis, Dimitrios"]
[Black "Mrva, Vladimir"]
[Result "0-1"]
[WhiteElo "1873"]
[BlackElo "2128"]
[PlyCount "84"]
[EventDate "2010.??.??"]

1. d4 Nf6 2. Nf3 e6 3. c4 b6 4. e3 Bb7 5. Bd3 d5 6. O-O Bd6 7. Nc3 a6 8. b3
Nbd7 9. Bb2 O-O 10. Qc2 c5 11. cxd5 exd5 12. Rac1 Rc8 13. Qb1 Re8 14. Bf5 g6
15. Bh3 c4 16. Rfd1 b5 17. bxc4 bxc4 18. Nd2 Rb8 19. Qc2 Nb6 20. Re1 Nh5 21. g3
f5 22. f4 Nf6 23. Nf3 Nfd7 24. Rb1 Bc6 25. Bg2 Bb4 26. Ne5 Nxe5 27. dxe5 Bc5
28. Bc1 Qd7 29. Ne2 Ba4 30. Qd2 Red8 31. Nd4 Qe7 32. Bb2 Be8 33. Bc3 Qd7 34.
Bb4 Na4 35. Red1 Bxb4 36. Rxb4 c3 37. e6 Qd6 38. Nxf5 cxd2 39. Nxd6 Rxb4 40.
Nxe8 Rxe8 41. Rxd2 Rb1+ 42. Kf2 Nc3 0-1

[Event "Cracovia 2010"]
[Site "Krakow"]
[Date "2010.12.29"]
[Round "3.1"]
[White "Gagarin, Vasilij"]
[Black "Zubov, Alexander"]
[Result "1/2-1/2"]
[WhiteElo "2435"]
[BlackElo "2574"]
[PlyCount "52"]
[EventDate "2010.??.??"]

1. d4 Nf6 2. c4 g6 3. Nc3 d5 4. e3 Bg7 5. cxd5 Nxd5 6. Nxd5 Qxd5 7. Ne2 O-O 8.
Nc3 Qd8 9. Be2 c6 10. O-O e5 11. dxe5 Bxe5 12. e4 Qe7 13. Qc2 Nd7 14. Be3 Nc5
15. Rad1 Re8 16. b4 Nd7 17. b5 Nf6 18. bxc6 bxc6 19. f3 Qc7 20. f4 Bxc3 21.
Qxc3 Nxe4 22. Qc1 c5 23. Bf3 Bb7 24. Bxe4 Rxe4 25. Qxc5 Qxc5 26. Bxc5 Re2
1/2-1/2

[Event "Cracovia 2010"]
[Site "Krakow"]
[Date "2010.12.29"]
[Round "3.2"]
[White "Jakubiec, Artur"]
[Black "Mazur, Stefan"]
[Result "1-0"]
[WhiteElo "2547"]
[BlackElo "2389"]
[PlyCount "65"]
[EventDate "2010.??.??"]

1. c4 e5 2. Nc3 Nf6 3. g3 Bb4 4. Bg2 O-O 5. e4 Bxc3 6. bxc3 Re8 7. Ne2 c6 8.
Qb3 Na6 9. Ba3 d6 10. O-O Be6 11. d4 Qc7 12. Rad1 c5 13. d5 Bd7 14. Bc1 Qa5 15.
Bg5 Ba4 16. Qa3 Nd7 17. Rb1 Nc7 18. Rxb7 Nb6 19. Qc1 Nxc4 20. g4 Rab8 21. Rxb8
Rxb8 22. Ng3 Qb6 23. Be7 Ne8 24. Nf5 Bd7 25. Nh6+ Kh8 26. Nxf7+ Kg8 27. Nh6+
Kh8 28. Qg5 gxh6 29. Qxh6 Ng7 30. Bf6 Rg8 31. g5 Be8 32. Bh3 Bg6 33. Bf5 1-0

[Event "Cracovia 2010"]
[Site "Krakow"]
[Date "2010.12.29"]
[Round "3.3"]
[White "Dragun, Kamil"]
[Black "Gavrilov, Alexei"]
[Result "1-0"]
[WhiteElo "2407"]
[BlackElo "2488"]
[PlyCount "103"]
[EventDate "2010.??.??"]

1. e4 e5 2. Nf3 Nc6 3. Bb5 a6 4. Ba4 Nf6 5. O-O Be7 6. Re1 b5 7. Bb3 d6 8. c3
O-O 9. h3 Re8 10. Ng5 Rf8 11. Nf3 Re8 12. d4 Bb7 13. Ng5 Rf8 14. Nf3 Re8 15.
Nbd2 Bf8 16. a4 h6 17. Bc2 exd4 18. cxd4 Nb4 19. Bb1 c5 20. d5 Nd7 21. Nf1 f5
22. exf5 Nf6 23. Ne3 Nbxd5 24. Ba2 c4 25. Nd4 Nxe3 26. Bxe3 Qd7 27. b3 Rac8 28.
axb5 axb5 29. bxc4 bxc4 30. Rc1 d5 31. Ne6 Bb4 32. Re2 Bc6 33. Qd4 Qe7 34. Rb1
Ba3 35. Ree1 Rb8 36. Bd2 Rxb1 37. Bxb1 Bb4 38. Re3 Bxd2 39. Qxd2 Rb8 40. Bc2
Qb4 41. Qd4 Qb2 42. Qa7 Qb7 43. Qc5 Qb6 44. Qe7 Qb7 45. Qd6 Re8 46. Rg3 Nh5 47.
Rg6 Qd7 48. Qe5 d4 49. Bd1 c3 50. Bxh5 Re7 51. Bd1 d3 52. Qxc3 1-0

[Event "Cracovia 2010"]
[Site "Krakow"]
[Date "2010.12.29"]
[Round "3.4"]
[White "Starostits, Ilmars"]
[Black "Barski, Radoslaw"]
[Result "1-0"]
[WhiteElo "2488"]
[BlackElo "2278"]
[PlyCount "83"]
[EventDate "2010.??.??"]

1. e4 c5 2. Nf3 d6 3. c3 Nf6 4. Bd3 Bg4 5. h3 Bh5 6. Bb5+ Nbd7 7. d3 a6 8. Ba4
e6 9. Nbd2 Be7 10. O-O b5 11. Bc2 Ne5 12. g4 Nxf3+ 13. Nxf3 Bg6 14. Nh4 Nd7 15.
Ng2 e5 16. f4 exf4 17. Nxf4 Bg5 18. a4 Nb6 19. a5 Nd7 20. Bb3 O-O 21. Bd5 Rc8
22. Qe2 Ne5 23. Bb7 Rb8 24. Bxa6 Bxf4 25. Bxf4 Re8 26. Bxe5 Rxe5 27. c4 d5 28.
Qh2 f6 29. cxb5 dxe4 30. dxe4 Bxe4 31. b6 c4 32. Bxc4+ Kh8 33. b3 Bc6 34. Qf2
f5 35. Rad1 Qe7 36. a6 Re3 37. a7 Re8 38. Bd5 Bxd5 39. Rxd5 Re2 40. Qf3 fxg4
41. hxg4 h6 42. Rf5 1-0

[Event "Cracovia 2010"]
[Site "Krakow"]
[Date "2010.12.29"]
[Round "3.5"]
[White "Bobula, Mateusz"]
[Black "Sharapov, Evgeny"]
[Result "1/2-1/2"]
[WhiteElo "2393"]
[BlackElo "2468"]
[PlyCount "71"]
[EventDate "2010.??.??"]

1. d4 Nf6 2. Nf3 c5 3. d5 b5 4. Bg5 Qb6 5. Bxf6 Qxf6 6. c3 d6 7. e4 a6 8. Nbd2
Nd7 9. a4 b4 10. Qc2 Rb8 11. Nc4 g5 12. Na5 g4 13. Nd2 Bg7 14. Rc1 Ne5 15. Ndc4
Nxc4 16. Nxc4 Bd7 17. Be2 Bh6 18. Rd1 Bg7 19. Rc1 h5 20. a5 bxc3 21. bxc3 Bh6
22. Ra1 h4 23. Nb6 g3 24. hxg3 hxg3 25. fxg3 Qg5 26. Qd3 c4 27. Qf3 Rg8 28.
Nxd7 Kxd7 29. Kf2 Bg7 30. Rab1 Be5 31. g4 Rxb1 32. Rxb1 Qh4+ 33. g3 Qh2+ 34.
Qg2 Qxg2+ 35. Kxg2 Rc8 36. Rb4 1/2-1/2

[Event "Cracovia 2010"]
[Site "Krakow"]
[Date "2010.12.29"]
[Round "3.6"]
[White "Skawinski, Arkadiusz"]
[Black "Sieciechowicz, Marcin"]
[Result "0-1"]
[WhiteElo "2249"]
[BlackElo "2446"]
[PlyCount "70"]
[EventDate "2010.??.??"]

1. e4 e6 2. Nf3 d5 3. e5 c5 4. b4 d4 5. bxc5 Bxc5 6. Ba3 Qa5 7. Bxc5 Qxc5 8. c3
Nc6 9. cxd4 Nxd4 10. Qa4+ Nc6 11. Nc3 Nge7 12. Ne4 Qb4 13. Nd6+ Kf8 14. Qxb4
Nxb4 15. Rb1 Nbd5 16. Ng5 f6 17. exf6 gxf6 18. Nxc8 Rxc8 19. Nxe6+ Kf7 20. Nd4
Rhd8 21. g3 b6 22. Be2 Ng6 23. Bd1 Ndf4 24. Nf5 Nd3+ 25. Ke2 Nge5 26. Bb3+ Kf8
27. f4 Nc6 28. Rhf1 Nc5 29. Bc4 Nd4+ 30. Nxd4 Rxd4 31. Rbc1 Re8+ 32. Kd1 Re3
33. Re1 Ra3 34. Rc2 a5 35. Kc1 Rxc4 0-1

[Event "Cracovia 2010"]
[Site "Krakow"]
[Date "2010.12.29"]
[Round "3.7"]
[White "Cruz Alvarez De Ron, Dan"]
[Black "Tazbir, Marcin"]
[Result "1/2-1/2"]
[WhiteElo "2273"]
[BlackElo "2527"]
[PlyCount "76"]
[EventDate "2010.??.??"]

1. Nf3 Nf6 2. c4 g6 3. b4 Bg7 4. Bb2 O-O 5. e3 d6 6. d3 a5 7. b5 c5 8. Be2 Nbd7
9. O-O e5 10. Qc2 Qe7 11. Nc3 Nb6 12. Rfe1 Bd7 13. Rad1 h5 14. Nd2 Rfe8 15. Nf1
d5 16. cxd5 Nbxd5 17. Nxd5 Nxd5 18. Bf3 Nb4 19. Qa4 e4 20. Bxg7 exf3 21. Ba1
Qg5 22. g3 c4 23. dxc4 Qf5 24. Nd2 Nd3 25. e4 Qh3 26. Nxf3 Nf4 27. Nh4 g5 28.
Qb3 gxh4 29. gxf4 Kh7 30. Qxh3 Bxh3 31. f3 Rg8+ 32. Kf2 Rg2+ 33. Ke3 Rxa2 34.
Rg1 Bg2 35. h3 Ra3+ 36. Kf2 Ra2+ 37. Ke3 Ra3+ 38. Kf2 Ra2+ 1/2-1/2

[Event "Cracovia 2010"]
[Site "Krakow"]
[Date "2010.12.29"]
[Round "3.8"]
[White "Toma, Katarzyna"]
[Black "Soffer, Ram"]
[Result "1-0"]
[WhiteElo "2234"]
[BlackElo "2486"]
[PlyCount "79"]
[EventDate "2010.??.??"]

1. e4 e6 2. d4 d5 3. Nc3 Bb4 4. e5 Ne7 5. a3 Bxc3+ 6. bxc3 b6 7. h4 Ba6 8. Bxa6
Nxa6 9. h5 h6 10. Ne2 Qd7 11. a4 Nb8 12. Rh4 Nbc6 13. Rg4 Rg8 14. Qd3 O-O-O 15.
Rf4 Rdf8 16. Qf3 Qe8 17. Ba3 Na5 18. Bb4 Nc4 19. a5 Kb7 20. a6+ Ka8 21. Ng3 g5
22. Rf6 c5 23. dxc5 Nxe5 24. Qe2 Nc4 25. cxb6 axb6 26. Rxh6 Qd8 27. Rd1 Nc6 28.
Bxf8 Qxf8 29. Rh7 N6e5 30. Ne4 Qa3 31. Kf1 g4 32. h6 Qxa6 33. Rg7 Rb8 34. Nf6
Ng6 35. g3 Nge5 36. h7 Nf3 37. Kg2 Qa3 38. Rg8 Qxc3 39. Rxb8+ Kxb8 40. h8=Q+
1-0

[Event "Cracovia 2010"]
[Site "Krakow"]
[Date "2010.12.29"]
[Round "3.9"]
[White "Bulski, Krzysztof"]
[Black "Rawicz, Karol"]
[Result "1-0"]
[WhiteElo "2470"]
[BlackElo "2300"]
[PlyCount "111"]
[EventDate "2010.??.??"]

1. e4 e5 2. Nf3 Nc6 3. Bb5 a6 4. Ba4 Nf6 5. O-O Be7 6. Re1 b5 7. Bb3 d6 8. c3
O-O 9. h3 Nb8 10. d4 Nbd7 11. Nbd2 Bb7 12. Bc2 Re8 13. a4 c5 14. d5 c4 15. Nf1
Bf8 16. Be3 Nc5 17. Bxc5 dxc5 18. Qe2 Rb8 19. axb5 axb5 20. Ra7 Qb6 21. Rea1 g6
22. Qe3 Nd7 23. Qg5 h5 24. N1h2 Be7 25. Qc1 Ra8 26. Rxa8 Rxa8 27. Rxa8+ Bxa8
28. g4 Bb7 29. Kf1 hxg4 30. Nxg4 Qc7 31. Ke2 Bc8 32. Qg1 Bf8 33. h4 Bg7 34. Qg3
Kf8 35. Ng5 Qd6 36. Qf3 Nf6 37. Nxf6 Bxf6 38. Nh7+ Kg7 39. Nxf6 Qxf6 40. Qxf6+
Kxf6 41. Kf3 g5 42. h5 g4+ 43. Kg3 Kg5 44. h6 Kxh6 45. Kh4 Kg6 46. Bd1 f5 47.
exf5+ Bxf5 48. Bxg4 Bxg4 49. Kxg4 Kf6 50. f4 e4 51. Kg3 Kf5 52. Kf2 Kf6 53. Ke2
Kf5 54. Ke3 b4 55. Ke2 Kf6 56. Kf2 1-0

[Event "Cracovia 2010"]
[Site "Krakow"]
[Date "2010.12.29"]
[Round "3.10"]
[White "Martynov, Pavel"]
[Black "Brodowski, Piotr"]
[Result "0-1"]
[WhiteElo "2183"]
[BlackElo "2417"]
[PlyCount "76"]
[EventDate "2010.??.??"]

1. e4 c5 2. Nf3 g6 3. d4 Bg7 4. Nc3 Qa5 5. Be2 Nc6 6. dxc5 Bxc3+ 7. bxc3 Qxc3+
8. Bd2 Qxc5 9. Rb1 Nf6 10. Bd3 d6 11. O-O a6 12. Bh6 Ng4 13. Bg7 Rg8 14. Bb2
Nge5 15. Nxe5 dxe5 16. Bc1 Qd4 17. Be3 Qa4 18. Qe2 Qxa2 19. Bc4 Qa5 20. Qf3 Rg7
21. Bb6 Qd2 22. Rfd1 Qg5 23. Qd3 e6 24. Bc7 f5 25. Bb6 Qf6 26. Qe3 Rd7 27. Rxd7
Bxd7 28. Rd1 Rc8 29. Rd6 Nd4 30. Bxd4 exd4 31. Qb3 Qe5 32. Rb6 Bc6 33. Bxe6
Qxe4 34. Kf1 Qxg2+ 35. Ke1 Rc7 36. Bd7+ Kxd7 37. Qf7+ Kd6 38. Qf6+ Kd5 0-1

[Event "Cracovia 2010"]
[Site "Krakow"]
[Date "2010.12.29"]
[Round "3.11"]
[White "Mikrut, Dariusz"]
[Black "Przezdziecka, Marta"]
[Result "1/2-1/2"]
[WhiteElo "2372"]
[BlackElo "2249"]
[PlyCount "41"]
[EventDate "2010.??.??"]

1. e4 c5 2. c3 g6 3. d4 cxd4 4. cxd4 d5 5. exd5 Nf6 6. Nc3 Bg7 7. Qb3 O-O 8. g3
b6 9. Bg2 Bb7 10. Nge2 Na6 11. O-O Qd7 12. Nf4 Nc7 13. Re1 Qd6 14. a4 a5 15.
Qa3 Rfe8 16. b3 Qd7 17. Bh3 Qd8 18. d6 exd6 19. Bd2 g5 20. Nfe2 h6 21. b4
1/2-1/2

[Event "Cracovia 2010"]
[Site "Krakow"]
[Date "2010.12.29"]
[Round "3.12"]
[White "Vaicekauskas, Gytis"]
[Black "Strzemiecki, Zbigniew"]
[Result "1-0"]
[WhiteElo "1972"]
[BlackElo "2367"]
[PlyCount "83"]
[EventDate "2010.??.??"]

1. e4 e6 2. d4 d5 3. Nc3 Bb4 4. e5 Ne7 5. a3 Bxc3+ 6. bxc3 b6 7. Qg4 Ng6 8. h4
h5 9. Qd1 Ba6 10. Bxa6 Nxa6 11. Bg5 Qd7 12. Ne2 Qc6 13. O-O Ne7 14. Ng3 g6 15.
Qf3 Nf5 16. Nxf5 exf5 17. Rfe1 Kd7 18. Qe2 b5 19. a4 Rab8 20. axb5 Rxb5 21. e6+
fxe6 22. Qe5 Re8 23. Qg7+ Kc8 24. Qxg6 Kb7 25. Qxh5 e5 26. dxe5 Nc5 27. Bf6 f4
28. Qf3 Ne4 29. Qxf4 Qxc3 30. Qe3 Qxe3 31. Rxe3 Rb6 32. Rf3 Rf8 33. g4 Nxf6 34.
Rxf6 Rfxf6 35. exf6 Rxf6 36. Kg2 c5 37. h5 d4 38. Rh1 c4 39. h6 Rf8 40. h7 Rh8
41. g5 d3 42. g6 1-0

[Event "Cracovia 2010"]
[Site "Krakow"]
[Date "2010.12.29"]
[Round "3.13"]
[White "Krzyzanowski, Marcin"]
[Black "Duda, Jan-Krzysztof"]
[Result "1-0"]
[WhiteElo "2342"]
[BlackElo "2247"]
[PlyCount "79"]
[EventDate "2010.??.??"]

1. e4 e5 2. Nf3 Nc6 3. Bb5 a6 4. Bxc6 dxc6 5. O-O Qf6 6. d4 exd4 7. Bg5 Qd6 8.
Nxd4 Ne7 9. Nc3 Bd7 10. Be3 O-O-O 11. Qe2 g5 12. Rad1 Qg6 13. Nb3 Bg7 14. Nc5
Be6 15. N3a4 Rd6 16. Nxb7 Kxb7 17. Nc5+ Kc8 18. Qxa6+ Kd8 19. Nb7+ Kd7 20. Nxd6
cxd6 21. Qb7+ Ke8 22. Rxd6 Be5 23. Qa8+ Nc8 24. Qxc6+ Kf8 25. Rd8+ Kg7 26. Rxh8
Kxh8 27. Qc5 Bg7 28. Rd1 h6 29. Bd4 f6 30. Qc6 Qf7 31. Bc5 Kh7 32. a4 Ne7 33.
Qc7 Qh5 34. f3 Ng6 35. Bd4 Nh4 36. Bxf6 Bf7 37. Bxg7 Nxf3+ 38. gxf3 Qxf3 39.
Re1 Kxg7 40. Qc3+ 1-0

[Event "Cracovia 2010"]
[Site "Krakow"]
[Date "2010.12.29"]
[Round "3.14"]
[White "Miron, Lucian-Costin"]
[Black "Chrzaszcz, Malvina"]
[Result "1-0"]
[WhiteElo "2496"]
[BlackElo "2054"]
[PlyCount "57"]
[EventDate "2010.??.??"]

1. Nf3 d5 2. c4 Nf6 3. g3 e6 4. Bg2 c6 5. d4 Bd6 6. O-O Nbd7 7. Nfd2 O-O 8. Nc3
Re8 9. e4 dxe4 10. Ndxe4 Be7 11. Bf4 Nxe4 12. Nxe4 Nf6 13. Nc3 Qa5 14. a3 Bd7
15. Re1 Rac8 16. b4 Qh5 17. Bf3 Qg6 18. Ne4 Red8 19. Nxf6+ Qxf6 20. h4 h6 21.
Be5 Qf5 22. Kg2 Be8 23. Be4 Qxe5 24. dxe5 Rxd1 25. Rexd1 Rd8 26. Rxd8 Bxd8 27.
a4 Be7 28. b5 cxb5 29. axb5 1-0

[Event "Cracovia 2010"]
[Site "Krakow"]
[Date "2010.12.29"]
[Round "3.15"]
[White "Shishkin, Vadim"]
[Black "Mucha, Roman"]
[Result "1-0"]
[WhiteElo "2458"]
[BlackElo "2166"]
[PlyCount "69"]
[EventDate "2010.??.??"]

1. d4 g6 2. c4 Bg7 3. Nc3 d6 4. e4 e5 5. Nf3 exd4 6. Nxd4 Ne7 7. h4 Nbc6 8. Be3
h5 9. Qd2 O-O 10. O-O-O a6 11. f3 Ne5 12. Bg5 Qe8 13. Be2 f6 14. Bh6 Qf7 15.
Bxg7 Kxg7 16. b3 f5 17. f4 N5c6 18. g3 Qf6 19. Nc2 Qf7 20. Rhe1 Be6 21. Bf3
Rae8 22. Nd5 Ng8 23. Qc3+ Kh7 24. e5 dxe5 25. fxe5 Qg7 26. Nf4 Bd7 27. Kb2 Nd8
28. e6 Qxc3+ 29. Kxc3 Bc6 30. Nd4 Bxf3 31. Nxf3 Nc6 32. Rd7+ Re7 33. Nd5 Rxd7
34. exd7 Nb8 35. Ng5+ 1-0

[Event "Cracovia 2010"]
[Site "Krakow"]
[Date "2010.12.29"]
[Round "3.16"]
[White "Koykka, Pekka"]
[Black "Nguyen, Piotr"]
[Result "1/2-1/2"]
[WhiteElo "2142"]
[BlackElo "2394"]
[PlyCount "103"]
[EventDate "2010.??.??"]

1. e4 Nf6 2. e5 Nd5 3. d4 d6 4. Nf3 dxe5 5. Nxe5 c6 6. Be2 Bf5 7. O-O Nd7 8.
Nf3 e6 9. c4 Nb4 10. a3 Nc2 11. Ra2 Nxd4 12. Qxd4 Bxb1 13. Bg5 f6 14. Rxb1 fxg5
15. Qg4 Qf6 16. Nxg5 O-O-O 17. b4 h5 18. Qg3 Ne5 19. Qe3 Qf5 20. Rf1 Be7 21. f4
Bxg5 22. fxg5 Ng4 23. Qxa7 Qxg5 24. Bxg4 hxg4 25. Raf2 Qe5 26. Qa8+ Qb8 27.
Qxb8+ Kxb8 28. Rf4 g3 29. hxg3 Rd3 30. Rf8+ Rxf8 31. Rxf8+ Ka7 32. Rf3 Rd1+ 33.
Kh2 Rd4 34. c5 Re4 35. Rf7 g5 36. Kh3 Re3 37. Rg7 Rxa3 38. Rxg5 Ka6 39. Re5 Kb5
40. Re4 Rb3 41. Rxe6 Kxb4 42. Re5 Kc4 43. Kh4 Kd4 44. Rf5 Rb2 45. g4 Rxg2 46.
g5 Ke4 47. Rf7 Kd5 48. Rxb7 Kxc5 49. Kh5 Kd4 50. g6 c5 51. g7 c4 52. Kh6
1/2-1/2

[Event "Cracovia 2010"]
[Site "Krakow"]
[Date "2010.12.29"]
[Round "3.17"]
[White "Adamowicz, Katarzyna"]
[Black "Aliavdin, Nikolai"]
[Result "0-1"]
[WhiteElo "2139"]
[BlackElo "2377"]
[PlyCount "88"]
[EventDate "2010.??.??"]

1. e4 c5 2. Nf3 d6 3. d4 cxd4 4. Nxd4 Nf6 5. Nc3 a6 6. Be3 Ng4 7. Bc1 Nf6 8.
Be3 e5 9. Nf3 Qc7 10. a4 Nbd7 11. Be2 b6 12. Nd2 Bb7 13. Bf3 Be7 14. Qe2 Rc8
15. O-O O-O 16. g3 h6 17. Bg2 Rfe8 18. f4 d5 19. fxe5 Nxe5 20. Kh1 dxe4 21. Bf4
e3 22. Nf3 Bd6 23. Nd4 Bxg2+ 24. Qxg2 Neg4 25. Nf5 Bxf4 26. Rxf4 Rcd8 27. Qf3
Rd2 28. Ne2 Nf2+ 29. Kg2 Nd5 30. Rd4 Qxc2 31. Rxd5 Rxe2 32. Nd4 Qxb2 33. Rd7
Rf8 34. Qxe2 Qxa1 35. Qxe3 Ng4 36. Qb3 Qe1 37. Qb2 Qe4+ 38. Kg1 Ne5 39. Rd6 Nc4
40. Qb4 Nxd6 41. Qxd6 Rc8 42. Qxb6 Kh7 43. Qb2 Rc4 44. Nb3 Rc2 0-1

[Event "Cracovia 2010"]
[Site "Krakow"]
[Date "2010.12.29"]
[Round "3.18"]
[White "Grinev, Valeriy"]
[Black "Veltkamp, Gerben"]
[Result "1/2-1/2"]
[WhiteElo "2361"]
[BlackElo "2171"]
[PlyCount "84"]
[EventDate "2010.??.??"]

1. d4 d5 2. c4 c6 3. cxd5 cxd5 4. Nc3 Nf6 5. Nf3 Nc6 6. Bf4 a6 7. Rc1 Bf5 8. e3
e6 9. Qb3 Bb4 10. Ne5 O-O 11. Nxc6 Bxc3+ 12. Qxc3 bxc6 13. Be2 Qb6 14. O-O Rfc8
15. f3 Nd7 16. Bd6 a5 17. Qa3 f6 18. Kh1 e5 19. Qc3 Be6 20. Bd3 exd4 21. exd4
Nf8 22. Rfe1 Bd7 23. Bc5 Qc7 24. Re7 Re8 25. Rce1 Rxe7 26. Rxe7 Re8 27. Qe1 Qd8
28. Rxe8 Bxe8 29. f4 g6 30. h3 Bd7 31. Qg3 Qb8 32. Qh4 Ne6 33. Qxf6 Qxb2 34.
Bxg6 hxg6 35. Qxg6+ Ng7 36. Bd6 Bf5 37. Qg5 Kf7 38. Be5 Qb1+ 39. Kh2 Ne6 40.
Qf6+ Kg8 41. g4 Qe1 42. Qxf5 Qf2+ 1/2-1/2

[Event "Cracovia 2010"]
[Site "Krakow"]
[Date "2010.12.29"]
[Round "3.19"]
[White "Gorbatenko, Kateryna"]
[Black "Jasny, Stanislav"]
[Result "0-1"]
[WhiteElo "2138"]
[BlackElo "2351"]
[PlyCount "60"]
[EventDate "2010.??.??"]

1. d4 Nf6 2. c4 d6 3. Nf3 Nbd7 4. Nc3 e5 5. e4 g6 6. Be2 Bg7 7. O-O O-O 8. d5
Nc5 9. Qc2 a5 10. Bg5 h6 11. Be3 b6 12. Nd2 Bg4 13. f3 Bd7 14. b3 Nh5 15. Rfe1
Bf6 16. a3 Bg5 17. Bxg5 Qxg5 18. Bf1 Nf4 19. g3 h5 20. Kh1 Nh3 21. b4 axb4 22.
axb4 Rxa1 23. Rxa1 Nf2+ 24. Kg2 Qe3 25. bxc5 Bh3+ 26. Kg1 Nxe4+ 27. Kh1 Nf2+
28. Kg1 Bf5 29. Bd3 Nxd3+ 30. Kg2 Nf4+ 0-1

[Event "Cracovia 2010"]
[Site "Krakow"]
[Date "2010.12.29"]
[Round "3.20"]
[White "Khalafova, Narmin Ilgar Qizi"]
[Black "Odnorozhenko, Evgenyi"]
[Result "1-0"]
[WhiteElo "2130"]
[BlackElo "2333"]
[PlyCount "63"]
[EventDate "2010.??.??"]

1. e4 c5 2. Nf3 Nc6 3. d4 cxd4 4. Nxd4 g6 5. Nc3 Bg7 6. Be3 Nf6 7. Bc4 Qa5 8.
O-O O-O 9. Bb3 d6 10. h3 Bd7 11. Re1 Rfe8 12. Nxc6 Bxc6 13. Bd4 Rad8 14. Nd5
Bxd5 15. exd5 b5 16. c3 a6 17. Qd2 Rb8 18. Re2 Nd7 19. Bxg7 Kxg7 20. Rae1 Qd8
21. Qd4+ Kg8 22. h4 Nf6 23. Re3 Kf8 24. h5 Qb6 25. Qf4 Nxh5 26. Qh6+ Kg8 27.
Rh3 Kh8 28. Rxh5 gxh5 29. Bc2 f5 30. Bxf5 Kg8 31. Bxh7+ Kf7 32. Qg6+ 1-0

[Event "Cracovia 2010"]
[Site "Krakow"]
[Date "2010.12.29"]
[Round "3.21"]
[White "Kalvaitis, Sigitas"]
[Black "Jacko-jun., Vladimir"]
[Result "1/2-1/2"]
[WhiteElo "2327"]
[BlackElo "2163"]
[PlyCount "47"]
[EventDate "2010.??.??"]

1. e4 c5 2. Nf3 g6 3. d4 cxd4 4. Qxd4 Nf6 5. Bb5 a6 6. Ba4 b5 7. Bb3 Nc6 8. Qe3
Bg7 9. O-O O-O 10. h3 d6 11. Nc3 Bb7 12. Rd1 Qc7 13. Qe2 Rac8 14. Nd5 Nxd5 15.
exd5 Na5 16. c3 Rfe8 17. Ng5 Nxb3 18. axb3 e6 19. dxe6 fxe6 20. Qg4 Qe7 21. Ne4
d5 22. Bg5 Qf8 23. Ng3 Qf7 24. Rd3 1/2-1/2

[Event "Cracovia 2010"]
[Site "Krakow"]
[Date "2010.12.29"]
[Round "3.22"]
[White "Mrva, Vladimir"]
[Black "Mertanen, Janne"]
[Result "0-1"]
[WhiteElo "2128"]
[BlackElo "2318"]
[PlyCount "110"]
[EventDate "2010.??.??"]

1. e4 Nf6 2. e5 Nd5 3. d4 d6 4. c4 Nb6 5. exd6 cxd6 6. d5 e5 7. Nc3 Be7 8. Bd3
Na6 9. b3 O-O 10. Nge2 Bg5 11. O-O Nc5 12. Bc2 Bg4 13. f3 Bh5 14. Ng3 Bg6 15.
Nf5 Bxf5 16. Bxf5 g6 17. Bc2 f5 18. Bxg5 Qxg5 19. Qc1 Qf6 20. Qd2 Rae8 21. Rae1
Re7 22. Re2 Rfe8 23. Rfe1 a6 24. Bb1 h5 25. Kh1 Kg7 26. Kg1 Qh4 27. Qe3 Rf7 28.
Qf2 Qxf2+ 29. Kxf2 g5 30. h3 Ncd7 31. Ke3 h4 32. Kd2 Nf8 33. c5 Nbd7 34. b4 Ng6
35. c6 Nb6 36. Bd3 Nf4 37. Rf2 Nxd3 38. Kxd3 bxc6 39. dxc6 Rc8 40. b5 axb5 41.
Nxb5 Rxc6 42. Rc2 Rxc2 43. Kxc2 Nc4 44. a4 d5 45. Kc3 Rf8 46. Kb4 Ra8 47. Re2
Kf6 48. Ra2 e4 49. fxe4 fxe4 50. Nc7 Rb8+ 51. Kc3 Ke5 52. a5 Rc8 53. Nxd5 Nxa5+
54. Kb4 Nc6+ 55. Kc5 Ne7+ 0-1

[Event "Cracovia 2010"]
[Site "Krakow"]
[Date "2010.12.29"]
[Round "3.23"]
[White "Hartikainen, Markku"]
[Black "Bukhteeva, Viktoria"]
[Result "1-0"]
[WhiteElo "2314"]
[BlackElo "2136"]
[PlyCount "53"]
[EventDate "2010.??.??"]

1. e4 d5 2. exd5 Nf6 3. d4 Bg4 4. Bb5+ Nbd7 5. Be2 Bxe2 6. Qxe2 Nxd5 7. c4 N5f6
8. Nf3 e6 9. Nc3 Bd6 10. Bg5 h6 11. Bh4 O-O 12. O-O-O c6 13. Kb1 Be7 14. Rhe1
Re8 15. Ne5 Qa5 16. f4 Rad8 17. f5 Nf8 18. fxe6 Nxe6 19. d5 cxd5 20. Nxf7 Nf4
21. Qf3 Kxf7 22. Qxf4 g5 23. Qf5 gxh4 24. Nxd5 Qa6 25. Re4 Kg7 26. Re6 Qxc4 27.
Rxe7+ 1-0

[Event "Cracovia 2010"]
[Site "Krakow"]
[Date "2010.12.29"]
[Round "3.24"]
[White "Izzat, Kanan Azar Oglu"]
[Black "Granovskiy, Alexandr"]
[Result "0-1"]
[WhiteElo "2112"]
[BlackElo "2312"]
[PlyCount "94"]
[EventDate "2010.??.??"]

1. e4 e5 2. Nf3 Nc6 3. Bb5 g6 4. c3 Nge7 5. d4 exd4 6. cxd4 d5 7. exd5 Nxd5 8.
O-O Bg7 9. Re1+ Be6 10. Ne5 O-O 11. Nxc6 bxc6 12. Bxc6 Rb8 13. Nc3 Nb4 14. d5
Bf5 15. g4 Nxc6 16. gxf5 Nd4 17. Bh6 Bxh6 18. Qxd4 Qg5+ 19. Kh1 Qxf5 20. Re2
Bg7 21. Qe4 Qxe4+ 22. Nxe4 Rxb2 23. Rxb2 Bxb2 24. Rb1 Bd4 25. Rb4 Bb6 26. d6 f5
27. Ng5 cxd6 28. Kg2 Re8 29. Rb2 h6 30. Nf3 Re4 31. h3 Kf7 32. Rc2 Bc5 33. Rb2
Kf6 34. Ng1 Rb4 35. Rd2 Ra4 36. Ne2 Rc4 37. Kf3 g5 38. Rb2 Ra4 39. Kg2 Ra3 40.
Nc1 Rc3 41. Nb3 h5 42. Rd2 Ke6 43. Re2+ Kd5 44. Re7 Bb6 45. Rg7 g4 46. hxg4
hxg4 47. Rf7 Rf3 0-1

[Event "Cracovia 2010"]
[Site "Krakow"]
[Date "2010.12.29"]
[Round "3.25"]
[White "Klim, Kamil"]
[Black "Sadikhov, Ulvi Ramil Oglu"]
[Result "1-0"]
[WhiteElo "2302"]
[BlackElo "2115"]
[PlyCount "93"]
[EventDate "2010.??.??"]

1. d4 Nf6 2. c4 g6 3. Nc3 Bg7 4. e4 d6 5. Nf3 O-O 6. Be2 e5 7. O-O Nc6 8. d5
Ne7 9. Nd2 Nd7 10. b4 f5 11. c5 Nf6 12. f3 f4 13. Nc4 g5 14. a4 Ng6 15. Ba3 Rf7
16. b5 Bf8 17. b6 cxb6 18. cxd6 Bd7 19. Ra2 h5 20. Nb5 Ne8 21. Qa1 Qf6 22. Bb2
Bxb5 23. axb5 Bxd6 24. Rxa7 Bc5+ 25. Kh1 Rxa7 26. Qxa7 Nd6 27. Nd2 Be3 28. Ba3
Rd7 29. Nc4 Nf7 30. Qb8+ Kg7 31. Nxe3 fxe3 32. Qc8 Qd8 33. Qc3 Nf4 34. Qxe3 h4
35. Rc1 Rc7 36. Bf1 Qc8 37. Rxc7 Qxc7 38. Kg1 Nh5 39. Bb4 Kg6 40. Be1 Nf6 41.
Bf2 Nd7 42. g3 hxg3 43. hxg3 Nd6 44. Kg2 Qc2 45. Qa3 Nc5 46. Qa8 Nf7 47. Qa7
1-0

[Event "Cracovia 2010"]
[Site "Krakow"]
[Date "2010.12.29"]
[Round "3.26"]
[White "Lewtak, Damian"]
[Black "Voiteanu, Gabriel"]
[Result "0-1"]
[WhiteElo "2100"]
[BlackElo "2262"]
[PlyCount "97"]
[EventDate "2010.??.??"]

1. e4 e5 2. Nf3 Nf6 3. Nxe5 d6 4. Nf3 Nxe4 5. d4 d5 6. Bd3 Be7 7. O-O Nc6 8.
Re1 Bg4 9. c4 Nf6 10. Nc3 Nxd4 11. cxd5 O-O 12. Bxh7+ Nxh7 13. Qxd4 Bxf3 14.
gxf3 Bf6 15. Qc4 Qd7 16. Qg4 Rad8 17. Bf4 Bxc3 18. Qxd7 Rxd7 19. bxc3 Rxd5 20.
Re7 Rc5 21. Rxc7 Rxc3 22. Be5 Rxf3 23. Rxb7 Re8 24. Bd4 a6 25. a4 Rd3 26. Ba7
Ng5 27. Rb8 Rxb8 28. Bxb8 Nf3+ 29. Kg2 Nd4 30. Rc1 Ra3 31. Rc4 Ne6 32. h4 Kh7
33. f3 g5 34. hxg5 Nxg5 35. f4 Nf3 36. Bd6 Nh4+ 37. Kh2 Nf3+ 38. Kg2 Nh4+ 39.
Kh2 Ra2+ 40. Kh3 Nf5 41. Be5 Ra3+ 42. Kh2 Ne3 43. Rc7 Kg6 44. Rc6+ Kh5 45. Rxa6
Kg4 46. Rf6 Ra2+ 47. Kg1 Kf3 48. Rxf7 Ng4 49. Bd4 0-1

[Event "Cracovia 2010"]
[Site "Krakow"]
[Date "2010.12.29"]
[Round "3.27"]
[White "Gonzalez Diaz, Julio"]
[Black "Stanach, Fabian"]
[Result "1-0"]
[WhiteElo "2259"]
[BlackElo "2080"]
[PlyCount "85"]
[EventDate "2010.??.??"]

1. c4 Nf6 2. g3 e5 3. Bg2 Nc6 4. Nc3 Bb4 5. d3 h6 6. Bd2 d6 7. a3 Bxc3 8. Bxc3
Bd7 9. b4 Rb8 10. b5 Ne7 11. Nf3 Ng6 12. O-O O-O 13. a4 Nh7 14. c5 f5 15. cxd6
cxd6 16. Qb3+ Kh8 17. Qa3 Rf6 18. Rac1 Ng5 19. Nxg5 hxg5 20. Bb4 Be8 21. Rc2 f4
22. d4 exd4 23. Rd1 fxg3 24. hxg3 Qb6 25. Qd3 a6 26. Qxd4 Qxd4 27. Rxd4 axb5
28. a5 d5 29. Rxd5 Bc6 30. Rxg5 Rd8 31. Bxc6 Rd1+ 32. Kg2 bxc6 33. Rgc5 Rb1 34.
Bc3 Re6 35. a6 b4 36. Bb2 b3 37. Rd2 Re7 38. Rxc6 Kh7 39. Rb6 Ra7 40. f4 Nf8
41. e4 Ra8 42. Kf3 Kg8 43. Rb7 1-0